[Event "Sofia Spring op 1st"]
[Site "Sofia"]
[Date "2025.05.28"]
[Round "8"]
[White "Iskos, Alexandros"]
[Black "Raeva, Elitsa"]
[Result "1-0"]
[WhiteElo "2165"]
[BlackElo "2203"]
[PlyCount "94"]
[EventDate "2025.05.23"]
[EventType "swiss"]
[EventRounds "9"]
[EventCountry "BUL"]
[SourceTitle "CB23_2025"]
[SourceDate "2025.06.04"]
[SourceVersion "1"]
[SourceVersionDate "2025.06.04"]
[SourceQuality "1"]

1. e4 c5 2. Nc3 Nc6 3. Bb5 g6 4. Bxc6 dxc6 5. d3 Bg7 6. Be3 Qd6 7. Qd2 e5 8. f4 exf4 9. Bxf4 Qe7 10. Nf3 h6 11. 0-0 g5 12. Bg3 Nf6 13. Rae1 Nh5 14. Nd5 cxd5 15. exd5 Be6 16. dxe6 fxe6 17. Ne5 Nxg3 18. hxg3 Rf8 19. Rxf8+ Qxf8 20. Qa5 Bxe5 21. Qb5+ Kd8 22. Rxe5 Qd6 23. Qxc5 Ke7 24. Kf2 Rf8+ 25. Ke2 b6 26. Qxd6+ Kxd6 27. d4 Rf6 28. a4 Rg6 29. a5 Rf6 30. c3 Rf7 31. axb6 axb6 32. Kd3 Rf2 33. Re2 Rf5 34. Kc4 g4 35. Kb4 h5 36. c4 Kc7 37. b3 Kd7 38. c5 Rd5 39. Kc4 bxc5 40. dxc5 Rd1 41. b4 Rc1+ 42. Kb5 Rc3 43. Kb6 Rxg3 44. c6+ Kd6 45. Rc2 Ra3 46. c7 Ra8 47. Kb7 Kd5 1-0

[Event "EU-ch Blitz"]
[Site "Skopje"]
[Date "2024.12.09"]
[Round "6"]
[White "Samunenkov, Igor"]
[Black "Iskos, Alexandros"]
[Result "1-0"]
[WhiteElo "2543"]
[BlackElo "2132"]
[PlyCount "139"]
[EventDate "2024.12.09"]
[EventType "swiss (blitz)"]
[EventRounds "13"]
[EventCountry "MKD"]
[SourceTitle "CB50_2024"]
[SourceDate "2024.11.01"]
[SourceVersion "1"]
[SourceVersionDate "2024.11.01"]
[SourceQuality "2"]

1. d4 Nf6 2. Nf3 d5 3. c4 e6 4. g3 Bb4+ 5. Bd2 a5 6. Qc2 0-0 7. Bg2 c5 8. cxd5 cxd4 9. a3 Bxd2+ 10. Qxd2 Qxd5 11. Qxd4 Nc6 12. Qxd5 Nxd5 13. Nbd2 a4 14. Rc1 Nb6 15. 0-0 e5 16. Ne4 f6 17. Nd6 Rd8 18. Rfd1 Nd4 19. Nxd4 Rxd6 20. Nb5 Rxd1+ 21. Rxd1 Bd7 22. Bxb7 Rb8 23. Nd6 Be6 24. Rc1 Rd8 25. Rc6 Nd5 26. Bc8 Bxc8 27. Nxc8 Kf7 28. Nd6+ Kg6 29. e4 Ne7 30. Ra6 Rb8 31. Rxa4 Rxb2 32. Rc4 Ra2 33. a4 f5 34. Rc7 Kf6 35. exf5 Nxf5 36. Nxf5 Kxf5 37. Rxg7 Rxa4 38. Rxh7 e4 39. Rf7+ Kg5 40. Kg2 Ra2 41. Re7 Ra4 42. h4+ Kf6 43. Re8 Kf7 44. Re5 Kf6 45. Rb5 Ra2 46. Rb3 Ke5 47. Re3 Kf5 48. Re1 Rb2 49. Kg1 Ra2 50. Kf1 Rb2 51. Re2 Rb1+ 52. Kg2 Rb3 53. Ra2 Rb4 54. Ra5+ Kg6 55. g4 e3 56. Rg5+ Kf6 57. fxe3 Rb3 58. Kf3 Rb1 59. Rf5+ Kg6 60. h5+ Kg7 61. e4 Rf1+ 62. Kg3 Rg1+ 63. Kh4 Re1 64. e5 Re2 65. Kg5 Ra2 66. h6+ Kh7 67. Rf7+ Kg8 68. Kg6 Ra6+ 69. Rf6 Ra5 70. h7+ 1-0

[Event "Thessaloniki SKG op-A 5th"]
[Site "Thessaloniki"]
[Date "2024.08.11"]
[Round "7"]
[White "Lekkas, Anastasios"]
[Black "Iskos, Alexandros"]
[Result "1/2-1/2"]
[WhiteElo "1955"]
[BlackElo "2109"]
[PlyCount "82"]
[EventDate "2024.08.06"]
[EventType "swiss"]
[EventRounds "9"]
[EventCountry "GRE"]
[SourceTitle "EXT 2025"]
[Source "ChessBase"]
[SourceDate "2024.10.14"]
[SourceVersion "1"]
[SourceVersionDate "2024.10.14"]
[SourceQuality "1"]

1. e4 g6 2. d4 Bg7 3. Nc3 a6 4. Be3 b5 5. Qd2 Bb7 6. f3 d6 7. h4 h5 8. 0-0-0 Nd7 9. Nh3 Ngf6 10. Ng5 e6 11. e5 Nd5 12. Nxd5 Bxd5 13. f4 Nb6 14. b3 Qd7 15. Bd3 Qc6 16. c3 Bh6 17. Nxf7 Kxf7 18. f5 Bxe3 19. fxg6+ Kg7 20. Qxe3 Qxc3+ 21. Kb1 Nc4 22. Qc1 Qxc1+ 23. Rxc1 Nd2+ 24. Kb2 c6 25. Rhe1 dxe5 26. dxe5 Rhf8 27. Rc2 Rf2 28. Kc1 Nxb3+ 29. axb3 Rxg2 30. Rf1 Rxc2+ 31. Kxc2 Rf8 32. Rxf8 Kxf8 33. b4 c5 34. bxc5 Bc6 35. Kc3 a5 36. Be2 Kg7 37. Bxh5 Bd5 38. Be2 b4+ 39. Kb2 a4 40. Bd3 a3+ 41. Kc2 b3+ 1/2-1/2

[Event "Thessaloniki SKG op-A 5th"]
[Site "Thessaloniki"]
[Date "2024.08.07"]
[Round "2"]
[White "Iskos, Alexandros"]
[Black "Mastrovasilis, Athanasios"]
[Result "1/2-1/2"]
[WhiteElo "2109"]
[BlackElo "2463"]
[PlyCount "48"]
[EventDate "2024.08.06"]
[EventType "swiss"]
[EventRounds "9"]
[EventCountry "GRE"]
[SourceTitle "EXT 2025"]
[Source "ChessBase"]
[SourceDate "2024.10.14"]
[SourceVersion "1"]
[SourceVersionDate "2024.10.14"]
[SourceQuality "1"]

1. d4 d5 2. c4 e6 3. Nc3 Nf6 4. cxd5 exd5 5. Bg5 c6 6. e3 Bf5 7. Qf3 Bg6 8. Bxf6 Qxf6 9. Qxf6 gxf6 10. Nf3 a5 11. Be2 a4 12. a3 Nd7 13. Rc1 Nb6 14. Nd2 Be7 15. 0-0 0-0 16. Na2 Nc8 17. Nb4 Bxb4 18. axb4 Nd6 19. Rc3 Ra7 20. Rfc1 Rfa8 21. Ra3 Kf8 22. g3 Ke7 23. Rca1 b5 24. Nb3 Nb7 1/2-1/2

[Event "Kavala op 27th"]
[Site "Kavala"]
[Date "2018.08.08"]
[Round "5"]
[White "Iskos, Alexandros"]
[Black "Tsolakidou, Stavroula"]
[Result "0-1"]
[WhiteElo "2179"]
[BlackElo "2418"]
[PlyCount "80"]
[EventDate "2018.08.05"]
[EventType "swiss"]
[EventRounds "9"]
[EventCountry "GRE"]
[SourceTitle "CBM 186 Extra"]
[Source "ChessBase"]
[SourceDate "2018.08.24"]
[SourceVersion "1"]
[SourceVersionDate "2018.08.24"]
[SourceQuality "1"]

1. d4 Nf6 2. Bg5 d5 3. Bxf6 exf6 4. e3 Bd6 5. c4 dxc4 6. Bxc4 Nd7 7. Nc3 c6 8. Qc2 f5 9. g3 Nf6 10. Nge2 Qe7 11. h4 h5 12. Nf4 g6 13. a4 Bxf4 14. gxf4 Be6 15. Qb3 Bxc4 16. Qxc4 0-0 17. Qc5 Qxc5 18. dxc5 Nd7 19. a5 Nxc5 20. b4 Ne6 21. Ke2 Rfd8 22. Rhb1 Rd7 23. Na4 Nc7 24. Nc5 Re7 25. Nxb7 Nd5 26. a6 Nc3+ 27. Kd3 Nxb1 28. Rxb1 Rd7+ 29. Kc3 Rd5 30. Ra1 Kf8 31. Ra5 Rxa5 32. Nxa5 Rc8 33. Kc4 Ke7 34. Kc5 Kd7 35. Nc4 f6 36. Nd6 Rb8 37. Nb7 g5 38. fxg5 fxg5 39. hxg5 h4 40. Nd6 h3 0-1

[Event "Kavala op 27th"]
[Site "Kavala"]
[Date "2018.08.07"]
[Round "4"]
[White "Bulmaga, Irina"]
[Black "Iskos, Alexandros"]
[Result "1/2-1/2"]
[WhiteElo "2401"]
[BlackElo "2179"]
[PlyCount "85"]
[EventDate "2018.08.05"]
[EventType "swiss"]
[EventRounds "9"]
[EventCountry "GRE"]
[SourceTitle "CBM 186 Extra"]
[Source "ChessBase"]
[SourceDate "2018.08.24"]
[SourceVersion "1"]
[SourceVersionDate "2018.08.24"]
[SourceQuality "1"]

1. e4 d5 2. exd5 Qxd5 3. Nc3 Qd8 4. d4 Nf6 5. Nf3 Bg4 6. h3 Bxf3 7. Qxf3 c6 8. Be3 e6 9. Be2 Nbd7 10. 0-0 Bd6 11. Ne4 Nxe4 12. Qxe4 Nf6 13. Qf3 0-0 14. Rfd1 Qc7 15. c4 Rad8 16. Bd3 Rd7 17. Rac1 Qb8 18. Bb1 Rfd8 19. g3 Be7 20. Kg2 Ne8 21. Bf4 Qa8 22. d5 cxd5 23. cxd5 Rxd5 24. Be4 R5d7 25. Be5 a5 26. Rxd7 Rxd7 27. Qc3 Rd8 28. Qb3 Nd6 29. Bxd6 Bxd6 30. Bxb7 Qb8 31. Qf3 g6 32. b3 Bb4 33. Rc2 Qd6 34. h4 h5 35. Be4 Kg7 36. Rc6 Qe5 37. Rc2 Rd2 38. Rxd2 Bxd2 39. Qd3 Bb4 40. Bf3 Qb2 41. Qe2 Qxe2 42. Bxe2 f5 43. f4 1/2-1/2

[Event "Kavala op 27th"]
[Site "Kavala"]
[Date "2018.08.06"]
[Round "3"]
[White "Iskos, Alexandros"]
[Black "Ni, Shiqun"]
[Result "1/2-1/2"]
[WhiteElo "2179"]
[BlackElo "2436"]
[PlyCount "53"]
[EventDate "2018.08.05"]
[EventType "swiss"]
[EventRounds "9"]
[EventCountry "GRE"]
[SourceTitle "CBM 186 Extra"]
[Source "ChessBase"]
[SourceDate "2018.08.24"]
[SourceVersion "1"]
[SourceVersionDate "2018.08.24"]
[SourceQuality "1"]

1. e4 e5 2. Nf3 Nf6 3. Nc3 Bb4 4. Nxe5 0-0 5. Nd3 Bxc3 6. dxc3 Nxe4 7. Be2 d6 8. 0-0 Re8 9. Nf4 Nc6 10. c4 Bf5 11. c3 Nf6 12. Nd5 Nxd5 13. cxd5 Ne5 14. f4 Nd7 15. Bf3 Be4 16. Be3 Nb6 17. Qd4 Qe7 18. Bxe4 Qxe4 19. Qxe4 Rxe4 20. Bxb6 axb6 21. Rae1 Rae8 22. Rxe4 Rxe4 23. g3 Re3 24. c4 Re4 25. b3 Re2 26. Rf2 Re1+ 27. Rf1 1/2-1/2

[Event "Kavala op 26th"]
[Site "Kavala"]
[Date "2017.07.28"]
[Round "1"]
[White "Iskos, Alexandros"]
[Black "Mastrovasilis, Athanasios"]
[Result "0-1"]
[WhiteElo "2169"]
[BlackElo "2492"]
[PlyCount "108"]
[EventDate "2017.07.28"]
[EventType "swiss"]
[EventRounds "9"]
[EventCountry "GRE"]
[SourceTitle "CBM 179 Extra"]
[Source "ChessBase"]
[SourceDate "2017.08.23"]
[SourceVersion "1"]
[SourceVersionDate "2017.08.23"]
[SourceQuality "1"]

1. e4 c5 2. Nf3 e6 3. g3 d5 4. exd5 exd5 5. d4 Nf6 6. Bg2 cxd4 7. 0-0 Be7 8. Nxd4 Bg4 9. Qd3 Nc6 10. Nxc6 bxc6 11. c4 0-0 12. cxd5 Nxd5 13. Nc3 Nb4 14. Qe4 Bh5 15. Bf4 Bg6 16. Qf3 Qb6 17. a3 Nc2 18. Qxc6 Qxc6 19. Bxc6 Rac8 20. Bb7 Rb8 21. Bxb8 Rxb8 22. Be4 Nxa1 23. Rxa1 Rxb2 24. Bxg6 hxg6 25. a4 Rc2 26. Re1 Kf8 27. Nd5 Bc5 28. Ne3 Ra2 29. Rc1 Bxe3 30. fxe3 Rxa4 31. Kf2 g5 32. h3 Re4 33. Rc7 Re7 34. Rc8+ Re8 35. Rc7 Ra8 36. Ke2 a5 37. Kd2 a4 38. Kc2 Ra6 39. h4 a3 40. Kb1 gxh4 41. gxh4 Ra4 42. h5 Ra5 43. Ka2 Rxh5 44. Kxa3 Rb5 45. e4 g5 46. Ka4 Rb6 47. Ka5 Re6 48. Rc4 g4 49. Kb5 g3 50. Kc5 g2 51. Rc1 Rxe4 52. Rg1 Rg4 53. Kd5 Kg7 54. Ke5 Kg6 0-1

[Event "GRE-chT 45th"]
[Site "Achaia"]
[Date "2017.07.07"]
[Round "6.9"]
[White "Iskos, Alexandros"]
[Black "Hristodoulou, Panagiotis"]
[Result "0-1"]
[WhiteElo "2169"]
[BlackElo "2252"]
[PlyCount "82"]
[EventDate "2017.07.03"]
[EventType "team-swiss"]
[EventRounds "7"]
[EventCountry "GRE"]
[SourceTitle "CBM 179 Extra"]
[Source "ChessBase"]
[SourceDate "2017.08.23"]
[SourceVersion "1"]
[SourceVersionDate "2017.08.23"]
[SourceQuality "1"]
[WhiteTeam "Orekastro Marion Thunder"]
[BlackTeam "OFI"]
[WhiteTeamCountry "GRE"]
[BlackTeamCountry "GRE"]

1. e4 e6 2. d4 d5 3. Nc3 Nf6 4. Bg5 dxe4 5. Nxe4 Be7 6. Nxf6+ Bxf6 7. Bxf6 Qxf6 8. Nf3 0-0 9. c3 b6 10. Bd3 Bb7 11. Qc2 Bxf3 12. gxf3 Qh6 13. Be4 c6 14. Qd2 Qxd2+ 15. Kxd2 f5 16. Bd3 Nd7 17. Bc4 Rf6 18. Rhe1 Kf7 19. Re3 Re8 20. Rae1 Nf8 21. f4 Rh6 22. h3 Rh4 23. Rf3 Kf6 24. Ba6 Rd8 25. b4 c5 26. Ke3 cxd4+ 27. cxd4 h6 28. Rc1 g5 29. Rc7 gxf4+ 30. Rxf4 Rxh3+ 31. Rf3 Rxf3+ 32. Kxf3 Rxd4 33. a3 Rd7 34. Rc8 Ng6 35. Ke3 h5 36. Rc1 h4 37. a4 Ne7 38. b5 e5 39. Rh1 Rd4 40. Ra1 Nd5+ 41. Kf3 Nf4 0-1

[Event "GRE-chT 45th"]
[Site "Achaia"]
[Date "2017.07.04"]
[Round "2.6"]
[White "Stavrianakis, Ioannis"]
[Black "Iskos, Alexandros"]
[Result "1/2-1/2"]
[WhiteElo "2267"]
[BlackElo "2169"]
[PlyCount "62"]
[EventDate "2017.07.03"]
[EventType "team-swiss"]
[EventRounds "7"]
[EventCountry "GRE"]
[SourceTitle "CBM 179 Extra"]
[Source "ChessBase"]
[SourceDate "2017.08.23"]
[SourceVersion "1"]
[SourceVersionDate "2017.08.23"]
[SourceQuality "1"]
[WhiteTeam "Heraklion CN"]
[BlackTeam "Orekastro Marion Thunder"]
[WhiteTeamCountry "GRE"]
[BlackTeamCountry "GRE"]

1. d4 d5 2. c4 dxc4 3. Nc3 Nf6 4. e3 e6 5. Bxc4 a6 6. a4 c5 7. Nf3 Nc6 8. 0-0 Be7 9. dxc5 Qxd1 10. Rxd1 Bxc5 11. Ne2 b6 12. Bd2 Ne4 13. Be1 Bb7 14. Bd3 Nb4 15. Bxb4 Bxb4 16. Ne5 Nc5 17. Bc4 f6 18. Nd3 Nxd3 19. Rxd3 e5 20. Ng3 Rd8 21. Rxd8+ Kxd8 22. Nh5 Bf8 23. Rd1+ Ke7 24. Rd3 g6 25. Ng3 Ke8 26. Rb3 Bc5 27. a5 Ke7 28. axb6 Rd8 29. f3 Rd6 30. Ne4 Bxe4 31. fxe4 Rxb6 1/2-1/2

[Event "Nea Moudania op 2nd"]
[Site "Nea Moudania"]
[Date "2016.08.30"]
[Round "9"]
[White "Gouloutis, Nikolaos"]
[Black "Iskos, Alexandros"]
[Result "0-1"]
[WhiteElo "2309"]
[BlackElo "2109"]
[PlyCount "86"]
[EventDate "2016.08.22"]
[EventType "swiss"]
[EventRounds "9"]
[EventCountry "GRE"]
[SourceTitle "CBM 174 Extra"]
[Source "ChessBase"]
[SourceDate "2016.10.10"]
[SourceVersion "1"]
[SourceVersionDate "2016.10.10"]
[SourceQuality "1"]

1. d4 d5 2. Nf3 Nf6 3. Bg5 Ne4 4. Bh4 c5 5. e3 Qb6 6. Qc1 cxd4 7. exd4 g5 8. Bg3 Bh6 9. c3 g4 10. Nfd2 Bf5 11. a4 Bg5 12. a5 Qh6 13. Bxb8 Rxb8 14. Qd1 0-0 15. Nxe4 dxe4 16. Be2 e3 17. Kf1 Rfd8 18. Na3 e5 19. Nc4 exd4 20. cxd4 Qf6 21. Ne5 Be6 22. f3 gxf3 23. Nxf3 Bg4 24. Ra4 Rbc8 25. h3 Bf5 26. Rc4 Rxc4 27. Bxc4 Be4 28. h4 Bf4 29. Rh3 Bf5 30. Rh1 Bg4 31. Qb3 b6 32. axb6 axb6 33. d5 Qf5 34. Ke2 Qe4 35. Rd1 Bxf3+ 36. gxf3 Qg6 37. Qa4 Qg2+ 38. Kd3 e2 39. Re1 Qxf3+ 40. Kc2 Qe4+ 41. Kb3 b5 42. Bxb5 Qxd5+ 43. Qc4 Qd1+ 0-1

[Event "Nea Moudania op 2nd"]
[Site "Nea Moudania"]
[Date "2016.08.25"]
[Round "4"]
[White "Marholev, Dimitar"]
[Black "Iskos, Alexandros"]
[Result "1-0"]
[WhiteElo "2236"]
[BlackElo "2109"]
[PlyCount "60"]
[EventDate "2016.08.22"]
[EventType "swiss"]
[EventRounds "9"]
[EventCountry "GRE"]
[SourceTitle "CBM 174 Extra"]
[Source "ChessBase"]
[SourceDate "2016.10.10"]
[SourceVersion "1"]
[SourceVersionDate "2016.10.10"]
[SourceQuality "1"]

1. e4 c5 2. Nf3 Nc6 3. Bb5 d6 4. Bxc6+ bxc6 5. h3 g6 6. d3 Bg7 7. 0-0 e5 8. Nc3 Ne7 9. Nh2 0-0 10. f4 exf4 11. Bxf4 c4 12. Kh1 cxd3 13. Qxd3 d5 14. Rad1 Qb6 15. Na4 Qb4 16. Qb3 Qxb3 17. axb3 dxe4 18. Bd6 Re8 19. Bxe7 Rxe7 20. Rd8+ Bf8 21. Nc5 f5 22. Ng4 Kf7 23. Nf6 Ba6 24. Rxa8 Bxf1 25. Kg1 Be2 26. Kf2 Bd1 27. c3 e3+ 28. Ke1 e2 29. Nxh7 Bh6 30. Rh8 Re3 1-0

[Event "Kavala op 25th"]
[Site "Kavala"]
[Date "2016.07.30"]
[Round "1"]
[White "Iskos, Alexandros"]
[Black "Parligras, Mircea Emilian"]
[Result "0-1"]
[WhiteElo "2110"]
[BlackElo "2596"]
[PlyCount "82"]
[EventDate "2016.07.30"]
[EventType "swiss"]
[EventRounds "9"]
[EventCountry "GRE"]
[SourceTitle "CBM 173 Extra"]
[Source "ChessBase"]
[SourceDate "2016.08.29"]
[SourceVersion "1"]
[SourceVersionDate "2016.08.29"]
[SourceQuality "1"]

1. e4 c5 2. Nf3 d6 3. Bb5+ Nc6 4. 0-0 Bd7 5. Re1 Nf6 6. h3 e6 7. b3 Be7 8. Bb2 0-0 9. c3 d5 10. Bxc6 Bxc6 11. e5 Nd7 12. d4 a5 13. Na3 Qb6 14. Qe2 Rfc8 15. dxc5 Nxc5 16. Nd4 Ne4 17. Nac2 a4 18. f3 axb3 19. axb3 Nc5 20. Rxa8 Rxa8 21. b4 Ra2 22. Bc1 Na4 23. Qd3 Bd7 24. f4 Qc7 25. Re3 Nb2 26. Bxb2 Rxb2 27. Ne1 Qb6 28. Nef3 h6 29. Re2 Bb5 30. Qxb5 Qxb5 31. Nxb5 Rxe2 32. Kf1 Rb2 33. Nfd4 Bh4 34. Nd6 Rf2+ 35. Ke1 Rc2+ 36. Kf1 Rxc3 37. b5 b6 38. f5 Bg3 39. fxe6 fxe6 40. Nc6 Re3 41. Ne7+ Kh7 0-1

[Event "GRE-chT 44th"]
[Site "Achaia"]
[Date "2016.07.10"]
[Round "7.2"]
[White "Iskos, Alexandros"]
[Black "Georgiadis, Ioannis"]
[Result "0-1"]
[WhiteElo "2110"]
[BlackElo "2483"]
[PlyCount "56"]
[EventDate "2016.07.05"]
[EventType "team-swiss"]
[EventRounds "7"]
[EventCountry "GRE"]
[SourceTitle "CBM 173 Extra"]
[Source "ChessBase"]
[SourceDate "2016.08.29"]
[SourceVersion "1"]
[SourceVersionDate "2016.08.29"]
[SourceQuality "1"]
[WhiteTeam "Oreokastrou Marion"]
[BlackTeam "Nikaia Fysiolatris"]
[WhiteTeamCountry "GRE"]
[BlackTeamCountry "GRE"]

1. d4 Nf6 2. Nc3 d5 3. Bg5 c5 4. Bxf6 gxf6 5. e4 dxe4 6. dxc5 f5 7. Bb5+ Nc6 8. Nge2 e6 9. b4 Bg7 10. Qxd8+ Kxd8 11. Bxc6 bxc6 12. a4 Kc7 13. 0-0 Rd8 14. Rfd1 Rxd1+ 15. Rxd1 Rb8 16. Rb1 Bf8 17. a5 Ba6 18. Kf1 h5 19. Ke1 h4 20. Nd4 Bg7 21. Nce2 f4 22. c3 Bh6 23. g3 f3 24. Nxc6 Kxc6 25. Nd4+ Kd5 26. b5 Kxc5 27. Nb3+ Kc4 28. Nd2+ Bxd2+ 0-1